LEADER 01379nam 2200373Ia 450 001 9910698876503321 005 20090508135431.0 035 $a(CKB)5470000002397098 035 $a(OCoLC)320538989 035 $a(EXLCZ)995470000002397098 100 $a20090508d2007 ua 0 101 0 $aeng 135 $auran||||||||| 181 $ctxt$2rdacontent 182 $cc$2rdamedia 183 $acr$2rdacarrier 200 00$aGuidance for industry$b[electronic resource] $ecell selection devices for point of care production of minimally manipulated autologous peripheral blood stem cells (PBSCs) 210 1$aRockville, MD :$cU.S. Dept. of Health and Human Services, Food and Drug Administration, Center for Biologics Evaluation and Research,$d[2007] 215 $ai, 5 pages $cdigital, PDF file 300 $aTitle from PDF title page (viewed on May 8, 2009). 300 $a"Draft guidance". 300 $a"July 2007." 517 $aGuidance for industry 606 $aBlood cells 606 $aMedical instruments and apparatus$zUnited States$xEvaluation 615 0$aBlood cells. 615 0$aMedical instruments and apparatus$xEvaluation. 712 02$aCenter for Biologics Evaluation and Research (U.S.) 801 0$bGPO 801 1$bGPO 906 $aBOOK 912 $a9910698876503321 996 $aGuidance for industry$93434577 997 $aUNINA LEADER 02408nam 2200433 n 450 001 9910595464803321 005 20250513225210.0 035 $a(CKB)5720000000061991 035 $a(NjHacI)995720000000061991 035 $a(EXLCZ)995720000000061991 100 $a20230221d2022 uy 0 101 0 $ager 135 $aur||||||||||| 181 $ctxt$2rdacontent 182 $cc$2rdamedia 183 $acr$2rdacarrier 200 10$aE.T.A. Hoffmanns "Kater Murr" $eNeue Lektüren /$fClaudia Liebrand, Harald Neumeyer, and Thomas Wortmann 210 1$aBaden-Baden :$cNomos Verlagsgesellschaft mbH & Co. KG,$d2022. 215 $a1 online resource (261 pages) 311 08$a3-96821-847-7 330 $aWith the 'Lebens-Ansichten des Katers Murr nebst fragmentarischer Biographie des Kapellmeister Johannes Kreisler in zufa?lligen Makulaturbla?ttern' (1819/1921), E.T.A. Hoffmann, the author, composer, illustrator and legal scholar, created a piece of writing that can be considered one of the most groundbreaking novels of the 19th century. This volume assembles new readings that examine Hoffmann's Kater Murr from comparative, musicological and theatre theory perspectives. It also explores poetological (for Kater Murr that means consistently focusing on the materiality of its artistic production) as well as media-aesthetic and cultural studies approaches. With contributions by Prof. Dr. Lutz Ellrich, Prof. Dr. Achim Geisenhanslu?ke, Dr. Irmtraud Hnilica, Dr. Vanessa Ho?ving, Prof. Dr. Claudia Liebrand, Prof. Dr. Christine Lubkoll, Prof. Dr. Frederike Middelhoff, Prof. Dr. Harald Neumeyer, Prof. Dr. Marion Schmaus, Prof. Dr. Monika Schmitz-Emans, Dagmar Wahl and Prof. Dr. Thomas Wortmann. 517 $aETA Hoffmanns »Kater Murr« : Neue Lektüren 517 $aE.T.A. Hoffmanns »Kater Murr« 517 $aE.T.A. Hoffmanns »Kater Murr« 517 $aETA Hoffmanns »Kater Murr« 517 $aETA Hoffmanns »Kater Murr« : Neue Lektüren 517 $aETA Hoffmanns »Kater Murr« 606 $aRomanticism in music 615 0$aRomanticism in music. 676 $a780.9034 700 $aLiebrand$b Claudia$0325038 702 $aWortmann$b Thomas 702 $aNeumeyer$b Harald 801 0$bNjHacI 801 1$bNjHacl 906 $aBOOK 912 $a9910595464803321 996 $aE.T.A. Hoffmanns "Kater Murr"$93014687 997 $aUNINA